00273nam a2200097Ia 4500082002000000245006100020100002700081942000700108008004100115999001900156 aT 362.4835 ESHE 0aBreaking down barriers : youth with physical challenges  a ESHERICK, Joan 9684 cBK210825s9999 xx 000 0 und d c510376d510375